| 000 | 00000nam 2200000zi 4500 |
| 001 | 9.919930 |
| 003 | CaOODSP |
| 005 | 20240415113050 |
| 006 | m o d f |
| 007 | cr ||||||||||| |
| 008 | 230208t20232023onc o f000 0 crk d |
| 020 | |a9780660475097 |
| 040 | |aCaOODSP|bfre|erda|cCaOODSP |
| 043 | |an-cn--- |
| 086 | 1 |aPS4-69/2023Crk-PDF |
| 245 | 00|aKa-Pacitotâcik Ôki : |bKa-Pimikiskiyihtakik. |
| 250 | |a[Édition cri des plaines]. |
| 264 | 1|a[Ottawa] : |bSécurité publique Canada = Public Safety Canada, |c2023. |
| 264 | 4|c©2023 |
| 300 | |a1 ressource en ligne (27 pages) |
| 336 | |atexte|btxt|2rdacontent/fre |
| 337 | |ainformatique|bc|2rdamedia/fre |
| 338 | |aressource en ligne|bcr|2rdacarrier/fre |
| 500 | |aTitre de la couverture. |
| 500 | |aPublié aussi en français sous le titre : Les victimes d'actes criminels se tiennent au courant. |
| 546 | |aTexte en cri des plaines. |
| 650 | 6|aVictimes d'actes criminels|xDroit|zCanada. |
| 650 | 6|aVictimes d'actes criminels|xDroits|zCanada. |
| 650 | 6|aVictimes d'actes criminels|xServices|zCanada. |
| 710 | 1 |aCanada. |bSécurité publique Canada, |eorganisme de publication. |
| 775 | 08|tLes victimes d'actes criminels se tiennent au courant. |w(CaOODSP)9.919910 |
| 791 | |tKa-Pacitotâcik Ôki : |eeng|w(CaOODSP)9.919929 |
| 856 | 40|qPDF|s289 Ko|uhttps://publications.gc.ca/collections/collection_2024/sp-ps/PS4-69-2023-cre.pdf |